Troponina I como biomarcador de lesão cardíaca em cães com sepse (Registro n. 329680)
[ somente texto ]
| 000 -LÍDER | |
|---|---|
| fixed length control field | 04224nab a2200337 i 4500 |
| 003 - CÓDIGO MARC DA AGÊNCIA CATALOGADORA | |
| Campo de controle | BR-BrBNA |
| 005 - DATA E HORA DA ÚLTIMA ATUALIZAÇÃO | |
| Campo de controle | 20250127111859.0 |
| 008 - CAMPO DE TAMANHO FIXO | |
| fixed length control field | 250127b2016 bl.|r|pooa||| 00| 0 por | |
| 040 ## - FONTE DA CATALOGAÇÃO | |
| Agência catalogadora | BR-BrBNA |
| Idioma da catalogação | por |
| 072 ## - CATEGORIA AGRIS | |
| Código AGRIS | L70 |
| Código do objeto | 5400 |
| 100 ## - ENTRADA PRINCIPAL - NOME PESSOAL | |
| Nome pessoal | Pereira, C.S. |
| 100 ## - ENTRADA PRINCIPAL - NOME PESSOAL | |
| Nome pessoal | Muzzi, R.A.L. |
| 100 ## - ENTRADA PRINCIPAL - NOME PESSOAL | |
| Nome pessoal | Figueiredo, V.C. |
| 100 ## - ENTRADA PRINCIPAL - NOME PESSOAL | |
| Nome pessoal | Muzzi, L.A.L. |
| 100 ## - ENTRADA PRINCIPAL - NOME PESSOAL | |
| Nome pessoal | Oberlender, G. |
| 100 ## - ENTRADA PRINCIPAL - NOME PESSOAL | |
| Nome pessoal | Júnior, A.C.C.L. |
| 100 ## - ENTRADA PRINCIPAL - NOME PESSOAL | |
| Nome pessoal | Neto, M.L. |
| 100 ## - ENTRADA PRINCIPAL - NOME PESSOAL | |
| Nome pessoal | Oliveira, M.M. |
| 245 ## - TÍTULO PRINCIPAL | |
| Título principal | Troponina I como biomarcador de lesão cardíaca em cães com sepse |
| 500 ## - NOTA GERAL | |
| Nota geral | <br/>Publicação online; 22 ref.; 5 tables; Summaries (En, Pt) |
| 942 ## - ADDED ENTRY ELEMENTS (KOHA) | |
| Koha item type | Analítica |
| 520 ## - NOTA DE RESUMO | |
| Nota de conteúdo | <br/><br/><br/>RESUMO - Avaliou-se a troponina I como biomarcador de lesão cardíaca na sepse, além de outros parâmetros hematológicos, em cadelas com piometra. Os grupos avaliados não diferiram estatisticamente na avaliação da concentração sérica da troponina I cardíaca. A quantidade total de leucócitos (mm3) e a porcentagem de bastonetes foram significativamente maiores no grupo sepse (23.221,74±16.848,80mm3 e 5,91±10,18%) quando comparado ao grupo não sepse (14.492,86±6.828,26mm3 e 1,93±1,64%) e ao grupo controle (10.320,00±3.999,02mm3 e 1,65±2,05%). Houve diferença significativa nas concentrações séricas da proteína C reativa (mg/dL) no grupo sepse (19,57±41,69md/dL) se comparado ao grupo não sepse (10,29±12,02mg/dL) e ao grupo controle (3,60±3,53mg/dL). Na avaliação da concentração sérica do lactato, houve diferença significativa entre cães com piometra e cães saudáveis, porém não houve diferença significativa entre os grupos sepse e não sepse. Os resultados do presente estudo indicam que a troponina I cardíaca não pôde ser considerada um biomarcador precoce para injúria miocárdica nos casos de cadela com piometra, pois os resultados das mensurações foram semelhantes entre os grupos, o que indica que pode não ter ocorrido lesão dos cardiomiócitos nessa fase. Já a proteína C reativa e o lactato são possíveis marcadores para inflamação sistêmica, uma vez que demonstraram concentrações séricas significativamente maiores em cadelas com piometra.<br/><br/><br/><br/><br/>Palavras-chave: cão, sepse, biomarcadores |
| 520 ## - NOTA DE RESUMO | |
| Nota de conteúdo | <br/><br/><br/>ABSTRACT - Troponin I as a biomarker of cardiac injury in sepsis, and other hematological parameters in female dogs with pyometra were evaluated. The groups did not differ in the assessment of serum cardiac troponin I. The total amount of leukocytes (mm3) and percentage of band cells was significantly higher in the sepsis group (23,221.74±16,848.80mm3 and 5.91±10.18%) compared to the non-sepsis group (14,492.86±6,828.26mm3 and 1.93±1.64%) and the control group (10,320.00±3,999.02mm3 and 1.65±2.05% respectively). There were significant differences in serum concentrations of C-reactive protein (mg / dL) in the sepsis group (19.57±41.69md / dL) compared to the non-sepsis group (10.29±12.02mg / dL) and control group (3.60±3.53mg / dL). In the evaluation of serum lactate concentration, there was a significant difference between dogs with pyometra and healthy dogs, but there was no significant difference between the sepsis and non-sepsis groups. The results of this study indicate that troponin I could not be considered an early biomarker of myocardial injury in cases of dogs with pyometra, because the results of the measurements were similar between groups, inferring that there may not have been an cardiomyocytes injury at this stage. C-reactive protein and lactate are potential markers for systemic inflammation, as demonstrated by significantly higher serum concentrations in dogs with pyometra.<br/><br/><br/>Keywords: dog, sepsis, biomarker |
| 650 ## - ASSUNTO - THESAGRO | |
| Cabeçalho tópico ou nome geográfico | CÃO |
| 650 ## - ASSUNTO - THESAGRO | |
| Cabeçalho tópico ou nome geográfico | DIAGNÓSTICO |
| 650 ## - ASSUNTO - THESAGRO | |
| Cabeçalho tópico ou nome geográfico | APARELHO CIRCULATÓRIO |
| 650 ## - ASSUNTO - THESAGRO | |
| Cabeçalho tópico ou nome geográfico | VETERINÁRIA |
| 773 0# - ENTRADA ANALÍTICA | |
| Host Biblionumber | 1643 |
| Registro do item | 348075 |
| Imprenta | Belo Horizonte-MG Universidade Federal de Minas Gerais - Escola de Veterinaria 1983 |
| Outro identificador | 2025-0570 |
| Título | Arquivo Brasileiro de Medicina Veterinária e Zootecnia (Brazil) |
| ISSN | 0102-0935 |
| Colação | v. 68(4) p. 919-926; (2016) |
| Número de controle de registro | BR2024004572 |
| 856 ## - ACESSO E ENDEREÇO ELETRÔNICO | |
| Identificador uniforme de recurso - URI | https://www.scielo.br/j/abmvz/a/76v4Sb9chbCyv7kV6v9KDsh/?format=pdf&lang=pt |
Nenhum exemplar disponível.

BINAGRI